Normal view
MARC view
- Davis, Mackenzie Leo
Entry Personal Name
001 - CONTROL NUMBER
- control field: 115838
003 - CONTROL NUMBER IDENTIFIER
- control field: NUST
005 - DATE AND TIME OF LATEST TRANSACTION
- control field: 20230912165624.0
008 - FIXED-LENGTH DATA ELEMENTS
- fixed length control field: 230912|| aca||aabn | a|a d
040 ## - CATALOGING SOURCE
- Original cataloging agency: NUST
- Transcribing agency: NUST
100 ## - HEADING--PERSONAL NAME
- Personal name: Davis, Mackenzie Leo
670 ## - SOURCE DATA FOUND
- Source citation: Work cat.: (NUST): Davis, Mackenzie Leo,, Introduction to environmental engineering /, 2013
